Estadísticas para Representantes de España en Eurovisión

Haz click aquí para intentar la prueba.

Estadísticas generales

  • Esta prueba ha sido intentada 97 veces
    (84 desde el último reinicio)
  • La puntuación promedio es 36 de 64

Estadísticas de respuestas

Respuesta% Correcto
Chanel
95%
Massiel
95%
Edurne
94%
Blanca Paloma
92%
Raphael
90%
Raphael
90%
Blas Cantó
89%
Blas Cantó
89%
Miki Núñez
86%
Rosa López
86%
Sergio Dalma
86%
Manel Navarro
84%
Beth Rodergas
83%
Mocedades
83%
Nebulossa
83%
Pastora Soler
83%
Ruth Lorenzo
83%
Amaia Romero y Alfred García
81%
Barei
78%
Salomé
78%
Azúcar Moreno
75%
Soraya Arnelas
75%
David Civera
71%
Julio Iglesias
71%
El sueño de Morfeo
70%
Las Ketchup
68%
Daniel Diges
65%
Nina
63%
Remedios Amaya
63%
Paloma San Basilio
60%
Peret
60%
Karina
59%
Lucía
57%
Rodolfo Chikilicuatre
57%
Betty Missiego
52%
Conchita Bautista
49%
Conchita Bautista
49%
D'nash
49%
Serafín Zubiri
49%
Serafín Zubiri
49%
Anabel Conde
48%
Lucía Perez
48%
Son de sol
48%
Ramón del Castillo
46%
Sergio y Estíbaliz
41%
José Vélez
37%
Micky
35%
Lydia
32%
Bravo
30%
La década prodigiosa
30%
José Guardiola
25%
Los TNT
25%
Marcos Llunas
25%
Alejandro Abad
22%
Patricia Kraus
22%
Victor Balaguer
21%
Eva santamaría
19%
Trigo Limpio
17%
Jaime Morey
16%
Braulio
14%
Antonio Carbonell
13%
Valentino
13%
José María Bacchelli
11%
Mikel Herzoj
2%

Distribución de puntuación

Porcentaje por número respondido

Porcentaje de gente con cada puntuación

Historial de tus puntuaciones

No has intentado esta prueba desde el último reinicio